[Event "Reykjavik Open 2024"]
[Site "Reykjavik ISL"]
[Date "2024.03.18"]
[Round "6.164"]
[White "Salzmann, Jan"]
[Black "B. Berglindardottir, Emilia Embla"]
[Result "1-0"]
[WhiteElo "1722"]
[BlackElo "1519"]
[WhiteFideId "24693634"]
[BlackFideId "2318946"]
[EventDate "2024.03.15"]

1. e4 d6 2. Bc4 Nf6 3. Nc3 g6 4. d3 Nc6 5. Bg5 Bg7 6. Qd2 h6 7. Be3 Ng4 8. Nge2
Nxe3 9. fxe3 O-O 10. O-O Ne5 11. Bb3 c5 12. Rf2 h5 13. Nd5 Bg4 14. Raf1 e6 15.
Ndf4 g5 16. Ng3 gxf4 17. exf4 Nxd3 18. cxd3 Bd4 19. h3 h4 20. Ne2 Bxf2+ 21. Rxf2
Bh5 22. f5 exf5 23. Rxf5 Kg7 24. Rxh5 Rh8 25. Rxh8 Qxh8 26. Qf4 Qh5 27. Nc3 Rg8
28. Nd5 Qh6 29. Qxh6+ Kxh6 30. Ne7 Re8 31. Nf5+ Kh7 32. Nxd6 Rd8 33. Nxb7 Rxd3
34. Nxc5 Rd2 35. Bxf7 Rxb2 36. Bd5 Rb5 37. Ne6 Kg6 38. Nd4 Rb1+ 39. Kf2 Kf6 40.
Nf3 Rb2+ 41. Kg1 Rb1+ 42. Kh2 a5 43. Nxh4 Kg5 44. Nf3+ Kf4 45. Nd4 Ke5 46. Nc6+
Kf4 47. Nxa5 Ke3 48. Nc4+ Kf2 49. e5 Rd1 50. Bf3 Rd4 51. Nd6 Ra4 52. e6 Ra7 53.
a4 Ke3 54. a5 Kd4 55. Nb5+ Kc5 56. Nxa7 Kd6 57. a6 Kc5 58. e7 Kd6 59. e8=Q Kc5
60. Qc6+ Kd4 61. Nb5+ Ke5 62. Qd5+ Kf6 63. a7 Kg6 64. a8=R Kf6 65. Ra6+ Ke7 66.
Qb7+ Kd8 67. Ra8# 1-0

[Event "Reykjavik Open 2024"]
[Site "Reykjavik ISL"]
[Date "2024.03.18"]
[Round "6.172"]
[White "Masson, Hrannar Mar"]
[Black "Andrieu, Justin"]
[Result "1-0"]
[WhiteElo "1520"]
[BlackElo "1720"]
[WhiteFideId "2325250"]
[BlackFideId "1099795"]
[EventDate "2024.03.15"]

1. d4 d5 2. Bf4 Nf6 3. e3 Bg4 4. Nf3 e6 5. c3 c5 6. Qa4+ Nc6 7. Ba6 Qb6 8. Ne5
Rc8 9. Nxc6 Qxa6 10. Nxa7+ Qxa4 11. Nxc8 Qd1# 1-0

[Event "Reykjavik Open 2024"]
[Site "Reykjavik ISL"]
[Date "2024.03.18"]
[Round "6.173"]
[White "Hildebrandt, Paul"]
[Black "Gudmundsson, Eirikur Orri"]
[Result "1-0"]
[WhiteElo "1679"]
[BlackElo "1536"]
[WhiteFideId "34643702"]
[BlackFideId "2325560"]
[EventDate "2024.03.15"]

1. Nf3 Nf6 2. b3 g6 3. Bb2 Bg7 4. e3 d5 5. c4 O-O 6. d4 c6 7. Be2 Re8 8. O-O
Nbd7 9. Nbd2 Ne4 10. Nxe4 dxe4 11. Ng5 Nf6 12. Qc2 Bf5 13. Rad1 h6 14. Nh3 Bxh3
15. gxh3 Qd7 16. Kg2 Qf5 17. Rg1 h5 18. h4 Bh6 19. Qc3 Ng4 20. Rdf1 Kh7 21. h3
Nf6 22. f4 Rg8 23. Kh2 c5 24. d5 Bg7 25. Qc2 Bh6 26. Be5 Nd7 27. Bg4 hxg4 28.
hxg4 Nxe5 29. gxf5 Nf3+ 30. Rxf3 exf3 31. fxg6+ Rxg6 32. Rxg6 fxg6 33. Qe4 f2
34. Kg2 Rg8 35. Kxf2 Bg7 36. Qxe7 Kh8 37. Qxb7 Bf6 38. Kg3 Rg7 39. Qc6 Be7 40.
e4 Kh7 41. e5 Bd8 42. Qxc5 Bb6 43. Qd6 Bc7 44. Qe6 1-0

[Event "Reykjavik Open 2024"]
[Site "Reykjavik ISL"]
[Date "2024.03.18"]
[Round "6.175"]
[White "Perry, Andrew Blair"]
[Black "Ernisson, Petur Ulfar"]
[Result "0-1"]
[WhiteElo "1654"]
[BlackElo "1450"]
[WhiteFideId "30958563"]
[BlackFideId "2326116"]
[EventDate "2024.03.15"]

1. d4 d5 2. Nf3 Nc6 3. c4 e6 4. g3 h6 5. Bg2 Nf6 6. O-O Be7 7. Bf4 O-O 8. Nc3 a6
9. Rc1 Bd6 10. Bxd6 Qxd6 11. cxd5 exd5 12. e3 Bg4 13. Qb3 Na5 14. Qc2 Rac8 15.
Ne5 Be6 16. Ne2 Nd7 17. Nd3 Bf5 18. Nef4 Nf6 19. b3 Nc6 20. Qb2 g5 21. Nc5 gxf4
22. Nxb7 Qd7 23. gxf4 Nb4 24. Qe2 Bd3 25. Qf3 Bxf1 26. Rxf1 Kh8 27. Bh3 Rg8+ 28.
Kh1 Qb5 29. Bxc8 Qxf1# 0-1

[Event "Reykjavik Open 2024"]
[Site "Reykjavik ISL"]
[Date "2024.03.18"]
[Round "6.178"]
[White "Vatneodegard, Marie"]
[Black "Asgeirsson, Adalsteinn Egill"]
[Result "1/2-1/2"]
[WhiteElo "1575"]
[BlackElo "1434"]
[WhiteFideId "1546961"]
[BlackFideId "2323940"]
[EventDate "2024.03.15"]

1. e4 e5 2. Nf3 Nc6 3. Bb5 Bc5 4. c3 Nf6 5. d4 Bb6 6. O-O exd4 7. cxd4 Nxe4 8.
Re1 d5 9. Nc3 f5 10. Nxe4 fxe4 11. Ne5 Qf6 12. Be3 O-O 13. Bxc6 bxc6 14. Rc1 Re8
15. Rxc6 Re6 16. Rxe6 Qxe6 17. Qc2 Ba6 18. Rc1 Rc8 19. Qa4 Bb7 20. Nc6 a6 21. a3
Kf7 22. Ne5+ Kf6 23. Nd7+ Kf5 24. Nxb6 cxb6 25. Rxc8 Qxc8 26. h3 a5 27. Qb5 Qc6
28. Qe2 Bc8 29. Qh5+ Kf6 30. Qxh7 Qc2 31. Qh4+ Kf7 32. Qh5+ Ke7 33. Qxd5 Bd7 34.
Bg5+ Ke8 35. Qe5+ Kf8 36. Be3 Qxb2 37. Qxe4 Qxa3 38. Qd5 Ke8 39. Qe5+ Qe7 40.
Qb8+ Qd8 41. Qa7 a4 42. d5 b5 43. Bc5 Qf6 44. Qb8+ Kf7 45. Qd6 Qxd6 46. Bxd6 Kf6
47. f3 a3 48. Bxa3 Ke5 49. Kf2 Kxd5 50. Kg3 Kc4 51. Kf4 b4 52. Bxb4 Kxb4 53. g4
Kc5 54. Kg5 Be8 55. f4 Kd6 56. f5 Ke7 57. h4 Kf8 58. h5 Kg8 59. h6 Kh7 60. hxg7
Kxg7 61. f6+ Kf7 62. Kf5 Bd7+ 63. Kg5 Bxg4 64. Kxg4 Kxf6 1/2-1/2

[Event "Reykjavik Open 2024"]
[Site "Reykjavik ISL"]
[Date "2024.03.19"]
[Round "7.1"]
[White "Maze, Sebastien"]
[Black "Deac, Bogdan-Daniel"]
[Result "1/2-1/2"]
[WhiteTitle "GM"]
[BlackTitle "GM"]
[WhiteElo "2551"]
[BlackElo "2690"]
[WhiteFideId "613762"]
[BlackFideId "1226380"]
[EventDate "2024.03.15"]

1. e4 c5 2. Nf3 e6 3. c3 d5 4. exd5 exd5 5. d4 Nc6 6. Be2 Bd6 7. dxc5 Bxc5 8.
O-O Nge7 9. Nbd2 O-O 10. Nb3 Bb6 11. Re1 Qd6 12. Bd3 h6 13. Be3 Bxe3 14. Rxe3
Bg4 15. Qd2 Bxf3 16. Rxf3 Rad8 17. Rd1 Ne5 18. Rg3 f5 19. Nd4 f4 20. Rh3 N7c6
21. Bb1 Nxd4 22. Qxd4 Qe6 23. Qxa7 Nc4 24. Qd4 Nxb2 25. Rf1 Rf6 26. Rh5 Nc4 27.
Qd3 Kf8 28. Qh7 Nd2 29. Qh8+ Qg8 30. Qxg8+ Kxg8 31. Rd1 Nxb1 32. Rxb1 Rc6 33.
Rh3 Ra8 34. Rd3 Rxa2 35. h4 b6 36. Rxd5 Rxc3 37. Rf5 Rc4 38. Rfb5 Rcc2 39. Rf1
Rab2 40. Rf5 Rb4 41. Rd1 Rc5 42. Rd8+ Kh7 43. Rxc5 bxc5 44. Rc8 Rc4 45. h5 Rc2
46. Rf8 Rc4 47. Rc8 Rc2 48. Rf8 1/2-1/2

[Event "Reykjavik Open 2024"]
[Site "Reykjavik ISL"]
[Date "2024.03.19"]
[Round "7.2"]
[White "Moussard, Jules"]
[Black "Adhiban, Baskaran"]
[Result "1/2-1/2"]
[WhiteTitle "GM"]
[BlackTitle "GM"]
[WhiteElo "2621"]
[BlackElo "2541"]
[WhiteFideId "642908"]
[BlackFideId "5018471"]
[EventDate "2024.03.15"]

1. c4 e6 2. Nc3 Bb4 3. Qc2 b6 4. a3 Bxc3 5. Qxc3 Qf6 6. d4 Bb7 7. e3 c5 8. Ne2
cxd4 9. exd4 Nc6 10. h4 Nge7 11. Bg5 Qg6 12. Ng3 h6 13. Be3 d5 14. Bd3 f5 15. c5
O-O 16. Ne2 bxc5 17. Qxc5 e5 18. O-O Qf7 19. dxe5 Nxe5 20. Qc7 N7g6 21. Qxf7+
Rxf7 22. Bc2 Nxh4 23. Nd4 f4 24. Bd2 Nc6 25. Nxc6 Bxc6 26. Rfe1 f3 27. g3 Nf5
28. Bxf5 Rxf5 29. Rac1 1/2-1/2

[Event "Reykjavik Open 2024"]
[Site "Reykjavik ISL"]
[Date "2024.03.19"]
[Round "7.3"]
[White "Pultinevicius, Paulius"]
[Black "Seemann, Jakub"]
[Result "1/2-1/2"]
[WhiteTitle "GM"]
[BlackTitle "IM"]
[WhiteElo "2575"]
[BlackElo "2451"]
[WhiteFideId "12809390"]
[BlackFideId "21874697"]
[EventDate "2024.03.15"]

1. d4 Nf6 2. Nf3 d5 3. g3 e6 4. Bg2 b5 5. O-O Be7 6. Ne5 Bb7 7. Nd2 Nbd7 8. Nxd7
Nxd7 9. e4 dxe4 10. Nxe4 Bd5 11. Qg4 g6 12. Qh3 Nf6 13. Nc3 Bxg2 14. Qxg2 Rb8
15. Bh6 b4 16. Bg7 bxc3 17. Bxh8 cxb2 18. Rab1 Qd5 19. Bxf6 Qxg2+ 20. Kxg2 Bxf6
21. Rfd1 c5 22. dxc5 Rc8 23. Rd2 Bc3 24. Rd3 Rxc5 25. Rxc3 Rxc3 26. Rxb2 a5 27.
Kf1 Ke7 28. Ke2 Kd6 29. f4 h5 30. Kd2 Rf3 31. Ke2 Rc3 32. Kd2 Rf3 33. Ke2 Ra3
34. Kd2 Kd5 35. Rb7 h4 36. Rxf7 hxg3 37. hxg3 Rxg3 38. Ra7 Ra3 39. Rg7 Rg3 40.
Ra7 Ke4 41. Rxa5 Kxf4 42. Ra4+ Ke5 43. Ra8 g5 44. a4 g4 45. a5 Ra3 46. a6 1/2-1/2

[Event "Reykjavik Open 2024"]
[Site "Reykjavik ISL"]
[Date "2024.03.19"]
[Round "7.4"]
[White "Suleymenov, Alisher"]
[Black "Sanal, Vahap"]
[Result "1-0"]
[WhiteTitle "GM"]
[BlackTitle "GM"]
[WhiteElo "2506"]
[BlackElo "2558"]
[WhiteFideId "13707833"]
[BlackFideId "6300545"]
[EventDate "2024.03.15"]

1. d4 Nf6 2. c4 e6 3. Nc3 Bb4 4. e3 b6 5. Bd2 Bb7 6. Nf3 Bxc3 7. Bxc3 Ne4 8. Bb4
a5 9. Ba3 d6 10. Bd3 Nd7 11. O-O f5 12. d5 exd5 13. Nd4 Ne5 14. Ne6 Qd7 15. cxd5
Nxd3 16. Qxd3 Nf6 17. Rfc1 Nxd5 18. Qxf5 Ke7 19. Nxg7 Rag8 20. Qg5+ Nf6 21. Rc4
h6 22. Qg6 Ne8 23. Re4+ Bxe4 24. Qxe4+ Kf7 25. Nf5 Rg5 26. Qd5+ Kf8 27. e4 Rhg8
28. g3 Nf6 29. Qd4 Nxe4 30. Nxh6 Qg7 31. Qxe4 Qxh6 32. Re1 Qf6 33. Qe8+ Kg7 34.
Qd7+ Kh8 35. Qh3+ Kg7 36. Qd7+ Kh8 37. Qxc7 Rf8 38. Qxb6 Rb5 39. Qa7 Rb7 40. Qe3
Re7 41. Qd2 Rxe1+ 42. Qxe1 Rc8 43. Qd2 Qf5 44. Qd4+ Kg8 45. Bxd6 Qf3 46. Bf4 Rc2
47. Bh6 Qf7 48. Be3 Qe6 49. h4 Re2 50. Bd2 Re4 51. Qd8+ Kf7 52. Qxa5 Rd4 53.
Qh5+ Kg8 54. Bc3 Rd5 55. Qf3 Rf5 56. Qg4+ Kf7 57. a4 Qd5 58. a5 Qc5 59. Qe2 Qc6
60. a6 Qa4 61. Qd3 Ke6 62. Qe3+ Kf7 63. Qd4 Qxa6 64. Qd7+ Kg6 65. Qg7+ Kh5 66.
g4+ Kxh4 67. gxf5 Qa1+ 68. Kh2 1-0

[Event "Reykjavik Open 2024"]
[Site "Reykjavik ISL"]
[Date "2024.03.19"]
[Round "7.6"]
[White "Salimova, Nurgyul"]
[Black "Belenkaya, Dina"]
[Result "1-0"]
[WhiteTitle "IM"]
[BlackTitle "WGM"]
[WhiteElo "2426"]
[BlackElo "2164"]
[WhiteFideId "2915138"]
[BlackFideId "24142654"]
[EventDate "2024.03.15"]

1. d4 Nf6 2. c4 e6 3. Nf3 d5 4. g3 Be7 5. Bg2 O-O 6. O-O c6 7. Qc2 h6 8. Nbd2 b6
9. e4 Bb7 10. e5 Nfd7 11. cxd5 cxd5 12. Nb1 Nc6 13. Nc3 Ba6 14. Rd1 Rc8 15. Bf4
Na5 16. Rac1 Re8 17. h4 Nf8 18. h5 Nh7 19. Qb1 Nc4 20. Bf1 Ng5 21. Nh2 Bb4 22.
Ng4 Rc7 23. Kg2 Qe7 24. Bd3 Rec8 25. Ne2 Qd8 26. a3 Bf8 27. Qa2 Bb5 28. f3 Be8
29. Bb1 Rc6 30. Qb3 f5 31. exf6 gxf6 32. Rh1 Qe7 33. Rce1 Qg7 34. Bc1 e5 35. Rh4
Bd7 36. Nf2 Kh8 37. Bg6 Be6 38. Qd1 Nd6 39. dxe5 fxe5 40. f4 Nge4 41. Nxe4 Nxe4
42. Nc3 Be7 43. Rhh1 Nxc3 44. bxc3 e4 45. f5 Bg8 46. Bd2 Bxa3 47. Rhf1 Rf6 48.
Qa1 Qf8 49. c4 Be7 50. cxd5 Rc2 51. Qd1 Qc8 52. Kh3 Bxd5 53. Bxh6 Qc4 54. Bg5
Rxg6 55. hxg6 Bxg5 56. Qh5+ Kg8 57. Qxg5 e3 58. Qd8+ Kg7 59. Qe7+ Kg8 60. Qh7+
Kf8 61. g7+ Ke8 62. Rxe3+ Kd8 63. Qh4+ Kd7 64. Qxc4 1-0

[Event "Reykjavik Open 2024"]
[Site "Reykjavik ISL"]
[Date "2024.03.19"]
[Round "7.8"]
[White "Kjartansson, Gudmundur"]
[Black "Ivanchuk, Vasyl"]
[Result "1/2-1/2"]
[WhiteTitle "GM"]
[BlackTitle "GM"]
[WhiteElo "2465"]
[BlackElo "2625"]
[WhiteFideId "2301318"]
[BlackFideId "14100010"]
[EventDate "2024.03.15"]

1. c4 Nf6 2. Nc3 e5 3. g3 Bb4 4. Bg2 O-O 5. e4 Bxc3 6. bxc3 Re8 7. Ne2 c6 8. d3
d5 9. cxd5 cxd5 10. exd5 Nxd5 11. O-O Nc6 12. Bb2 Bg4 13. h3 Bh5 14. Re1 Qd7 15.
Qb3 Rad8 16. Qxd5 Qxd5 17. Bxd5 Rxd5 18. Nf4 Rb5 19. Rab1 Bf3 20. c4 Ra5 21. Re3
Rxa2 22. Rxf3 exf4 23. Rxf4 f6 24. d4 b6 25. d5 Ne5 26. Bxe5 Rxe5 27. Rd4 Kf7
28. d6 Ke8 29. c5 Rxc5 30. d7+ Kd8 31. Re1 Re5 32. Rc1 Rc5 33. Re1 1/2-1/2

[Event "Reykjavik Open 2024"]
[Site "Reykjavik ISL"]
[Date "2024.03.19"]
[Round "7.9"]
[White "Sidhant, Mohapatra"]
[Black "Xu, Xiangyu"]
[Result "0-1"]
[WhiteTitle "IM"]
[BlackTitle "GM"]
[WhiteElo "2379"]
[BlackElo "2623"]
[WhiteFideId "5028698"]
[BlackFideId "8608288"]
[EventDate "2024.03.15"]

1. e4 c5 2. Nf3 d6 3. d4 cxd4 4. Nxd4 Nf6 5. Nc3 g6 6. Be3 Bg7 7. f3 Nc6 8. Qd2
O-O 9. O-O-O d5 10. exd5 Nxd5 11. Nxc6 bxc6 12. Bd4 e5 13. Bc5 Be6 14. Ne4 Re8
15. Bc4 Qc7 16. Bd6 Qd7 17. Ba3 Red8 18. Nc5 Qe8 19. Nxe6 Qxe6 20. Rhe1 Qf6 21.
Kb1 Qh4 22. Bb3 a5 23. g3 Qf6 24. Qe2 a4 25. Bxd5 cxd5 26. c3 Rab8 27. Rd3 h5
28. Red1 Qc6 29. Qd2 d4 30. Qe2 Rdc8 31. cxd4 exd4 32. Qd2 Qb5 33. f4 Rc6 34.
Rc1 Rxc1+ 35. Kxc1 Re8 36. b3 Qc6+ 37. Kb1 Qh1+ 38. Bc1 Qf1 39. Qc2 Re1 40. Rd2
a3 41. Qc4 d3 0-1

[Event "Reykjavik Open 2024"]
[Site "Reykjavik ISL"]
[Date "2024.03.19"]
[Round "7.10"]
[White "Nevednichy, Vladislav"]
[Black "Galperin, Platon"]
[Result "1/2-1/2"]
[WhiteTitle "GM"]
[BlackTitle "GM"]
[WhiteElo "2445"]
[BlackElo "2555"]
[WhiteFideId "1205730"]
[BlackFideId "14165414"]
[EventDate "2024.03.15"]

1. e4 e5 2. Nf3 Nc6 3. Bc4 Nf6 4. d3 h6 5. O-O d6 6. c3 g5 7. a4 Bg7 8. Nbd2 a5
9. Bb3 Qe7 10. Nc4 Be6 11. Ne3 Qd7 12. Bxe6 fxe6 13. Qb3 d5 14. exd5 exd5 15. d4
exd4 16. Nxd4 Nxd4 17. cxd4 c6 18. Qd3 O-O 19. Nf5 Ne4 20. Nxg7 Kxg7 21. f3 Nd6
22. Bd2 Nc4 23. b3 Nxd2 24. Qxd2 Qd6 25. Rae1 Rf4 26. g3 Rf6 27. Kg2 b6 28. Re3
Raf8 29. Rfe1 R8f7 30. R1e2 Qa3 31. Qc3 Qd6 32. Qd2 Qa3 1/2-1/2

[Event "Reykjavik Open 2024"]
[Site "Reykjavik ISL"]
[Date "2024.03.19"]
[Round "7.12"]
[White "Yilmazyerli, Mert"]
[Black "Dauner, Benedikt"]
[Result "1-0"]
[WhiteTitle "GM"]
[BlackTitle "FM"]
[WhiteElo "2526"]
[BlackElo "2366"]
[WhiteFideId "6305962"]
[BlackFideId "16225899"]
[EventDate "2024.03.15"]

1. d4 d5 2. c4 e6 3. Nc3 Nf6 4. Nf3 Nbd7 5. Qc2 dxc4 6. e4 c5 7. d5 exd5 8. e5
Ng4 9. Bg5 Qa5 10. O-O-O Nb6 11. Bxc4 Nxc4 12. Nxd5 b5 13. Qe4 f5 14. exf6+ Kf7
15. Bd2 Qxa2 16. Ng5+ Kg8 17. f7# 1-0

[Event "Reykjavik Open 2024"]
[Site "Reykjavik ISL"]
[Date "2024.03.19"]
[Round "7.13"]
[White "Moksh, Amit Doshi"]
[Black "Prraneeth, Vuppala"]
[Result "1/2-1/2"]
[WhiteTitle "IM"]
[BlackTitle "GM"]
[WhiteElo "2353"]
[BlackElo "2506"]
[WhiteFideId "25064967"]
[BlackFideId "46622373"]
[EventDate "2024.03.15"]

1. d4 Nf6 2. c4 e6 3. Nf3 d5 4. Nc3 Bb4 5. Bg5 h6 6. Bxf6 Qxf6 7. Qa4+ Nc6 8. e3
O-O 9. Be2 dxc4 10. O-O Qe7 11. Bxc4 Na5 12. Bd3 c5 13. dxc5 Bxc3 14. bxc3 Nc6
15. Qb5 Rb8 16. Bc2 Bd7 17. Qd3 g6 18. h4 Rfd8 19. h5 Be8 20. Qc4 g5 21. Rfd1
Na5 22. Qb4 Nc6 23. Qc4 Na5 24. Qb4 Nc6 25. Qc4 1/2-1/2

[Event "Reykjavik Open 2024"]
[Site "Reykjavik ISL"]
[Date "2024.03.19"]
[Round "7.14"]
[White "Stefansson, Hannes"]
[Black "Heimisson, Hilmir Freyr"]
[Result "1-0"]
[WhiteTitle "GM"]
[BlackTitle "IM"]
[WhiteElo "2481"]
[BlackElo "2355"]
[WhiteFideId "2300087"]
[BlackFideId "2309998"]
[EventDate "2024.03.15"]

1. Nf3 d5 2. e3 Nf6 3. c4 e6 4. Nc3 c5 5. cxd5 exd5 6. Bb5+ Nbd7 7. d4 a6 8.
Bxd7+ Bxd7 9. O-O Bd6 10. dxc5 Bxc5 11. b3 Bg4 12. Bb2 O-O 13. h3 Bh5 14. Ne2
Bxf3 15. gxf3 Be7 16. Qd3 Qd7 17. Kh2 Rfd8 18. Rg1 a5 19. Ng3 Ra6 20. Nf5 Bf8
21. Nh6+ Kh8 22. Ng4 Ne8 23. Ne5 Qe7 24. Rg4 Re6 25. f4 Nf6 26. Rg2 Ne4 27. Rag1
f6 28. Nf3 Ra6 29. Nd4 Rd7 30. Qd1 Qe8 31. Kh1 a4 32. f5 axb3 33. axb3 Ra2 34.
f3 Ng5 35. h4 Nh3 36. Re1 Qh5 37. Ree2 Bd6 38. Rg4 Re7 39. Qb1 Ra8 40. Kg2 Ng5
41. hxg5 Qh2+ 42. Kf1 Qh3+ 43. Kg1 Rae8 44. Qf1 Qh5 45. Ne6 Rxe6 46. fxe6 f5 47.
Rgg2 f4 48. Bd4 fxe3 49. Rxe3 Qh4 50. Qd1 Bf4 51. Ree2 Qh5 52. Bxg7+ Kg8 53.
Qxd5 1-0

[Event "Reykjavik Open 2024"]
[Site "Reykjavik ISL"]
[Date "2024.03.19"]
[Round "7.15"]
[White "Steingrimsson, Hedinn"]
[Black "Kistrup, Nicolai"]
[Result "1-0"]
[WhiteTitle "GM"]
[BlackTitle "FM"]
[WhiteElo "2477"]
[BlackElo "2324"]
[WhiteFideId "2300117"]
[BlackFideId "1444816"]
[EventDate "2024.03.15"]

1. c4 e5 2. Nc3 Nf6 3. Nf3 Nc6 4. g3 Bb4 5. Nd5 e4 6. Nh4 O-O 7. Bg2 Re8 8. a3
Bc5 9. O-O d6 10. d3 h6 11. Nxf6+ Qxf6 12. Bxe4 Bg4 13. Ra2 a5 14. b3 Nd4 15.
Be3 c6 16. Bxd4 Qxd4 17. Bf3 Bh3 18. e3 Qc3 19. Bg2 Bxg2 20. Kxg2 Qf6 21. d4 Bb6
22. Qf3 Qxf3+ 23. Kxf3 g6 24. g4 Kg7 25. Ng2 f5 26. gxf5 Rf8 27. Ke2 Rxf5 28.
Rg1 Re8 29. Rd2 Kh7 30. h4 Re4 31. f3 Re7 32. Rh1 Bd8 33. e4 Rf8 34. Rh3 Ref7
35. Kf2 h5 36. f4 Re8 37. Re3 Kh6 38. Kg3 Rfe7 39. Kf3 Bb6 40. Ree2 Rf7 41. Kg3
Rfe7 42. Kf3 Rf7 43. Ke3 c5 44. d5 Bd8 45. Kd3 Bf6 46. Rd1 Rfe7 47. Rb1 Ra8 48.
a4 Rae8 49. Rf1 Rf7 50. e5 Bg7 51. e6 Rff8 52. Ne3 Bf6 53. Rh2 Bd4 54. f5 Bxe3
55. Kxe3 gxf5 56. Rg2 Rg8 57. Rxg8 Rxg8 58. Rxf5 Rg1 59. Rf6+ Kg7 60. Rf7+ Kg6
61. Rxb7 Kf6 62. Rf7+ Kg6 63. Rd7 1-0

[Event "Reykjavik Open 2024"]
[Site "Reykjavik ISL"]
[Date "2024.03.19"]
[Round "7.16"]
[White "Karsten, Jan"]
[Black "Zhu, Jiner"]
[Result "0-1"]
[WhiteTitle "IM"]
[BlackTitle "GM"]
[WhiteElo "2323"]
[BlackElo "2467"]
[WhiteFideId "14350653"]
[BlackFideId "8608059"]
[EventDate "2024.03.15"]

1. c4 Nf6 2. g3 e6 3. Bg2 d5 4. Nf3 Be7 5. O-O O-O 6. b3 d4 7. e3 c5 8. Ne5 Qc7
9. f4 Nfd7 10. exd4 cxd4 11. Nd3 Nc6 12. Ba3 Qd8 13. Qc1 a5 14. c5 e5 15. Bb2
Nb4 16. Nxb4 axb4 17. fxe5 Nxc5 18. Qc2 d3 19. Qc4 Be6 20. Qf4 Qd7 21. Rc1 Ra5
22. Bd4 Rd8 23. Bb2 Rda8 24. Qxb4 Nxb3 25. Qxb7 Qxb7 26. Bxb7 Nxc1 27. Bxa8 Ne2+ 0-1

[Event "Reykjavik Open 2024"]
[Site "Reykjavik ISL"]
[Date "2024.03.19"]
[Round "7.17"]
[White "Mardell, Jimmy"]
[Black "Hjartarson, Johann"]
[Result "0-1"]
[BlackTitle "GM"]
[WhiteElo "2172"]
[BlackElo "2460"]
[WhiteFideId "1705610"]
[BlackFideId "2300044"]
[EventDate "2024.03.15"]

1. d4 Nf6 2. c4 e6 3. Nc3 Bb4 4. e3 O-O 5. Ne2 d5 6. a3 Be7 7. cxd5 exd5 8. Nf4
c6 9. Bd3 Re8 10. O-O Nbd7 11. f3 Nf8 12. Bc2 Ne6 13. Nxe6 Bxe6 14. e4 g6 15. e5
Nh5 16. g4 Ng7 17. f4 f5 18. g5 Kf7 19. Kg2 Rh8 20. Rh1 h6 21. h4 hxg5 22. hxg5
Rxh1 23. Qxh1 Qb6 24. Qd1 Rh8 25. b4 Rh4 26. Kg3 Bxg5 27. fxg5 Rxd4 28. Na4 Rg4+
29. Kf3 Qd8 30. Nc5 Qh8 31. Qf1 Qh2 0-1

[Event "Reykjavik Open 2024"]
[Site "Reykjavik ISL"]
[Date "2024.03.19"]
[Round "7.18"]
[White "Larkin, Vladyslav"]
[Black "Papadiamandis, Elliot"]
[Result "1/2-1/2"]
[WhiteTitle "IM"]
[BlackTitle "IM"]
[WhiteElo "2450"]
[BlackElo "2302"]
[WhiteFideId "14152894"]
[BlackFideId "36074160"]
[EventDate "2024.03.15"]

1. e4 c5 2. Ne2 d6 3. g3 h5 4. h3 e5 5. Bg2 Ne7 6. c3 h4 7. g4 Ng6 8. d4 Be7 9.
dxc5 dxc5 10. Qxd8+ Bxd8 11. Na3 Be6 12. Be3 Bb6 13. Nb5 Ke7 14. Rd1 Na6 15. b3
Rhd8 1/2-1/2

[Event "Reykjavik Open 2024"]
[Site "Reykjavik ISL"]
[Date "2024.03.19"]
[Round "7.20"]
[White "Cornette, Matthieu"]
[Black "Dimitrijeski, Boris"]
[Result "1-0"]
[WhiteTitle "GM"]
[BlackTitle "FM"]
[WhiteElo "2575"]
[BlackElo "2183"]
[WhiteFideId "620084"]
[BlackFideId "4638689"]
[EventDate "2024.03.15"]

1. d4 d5 2. c4 c6 3. Nf3 Nf6 4. g3 Bf5 5. Nc3 e6 6. Nh4 dxc4 7. Nxf5 exf5 8. Bg2
Nbd7 9. d5 Nxd5 10. Nxd5 cxd5 11. Qxd5 Bb4+ 12. Kf1 O-O 13. Bf4 Nb6 14. Qxf5 g6
15. Qc2 Qe7 16. Bf3 Rfd8 17. Kg2 Bd6 18. Bxd6 Rxd6 19. a4 a5 20. Rhd1 Rad8 21.
Rxd6 Qxd6 22. Qc3 Qd2 23. Bxb7 Qxc3 24. bxc3 Rd2 25. Bc6 Rb2 26. Rd1 Ra2 27. Bb5
Ra3 28. Rd6 Nxa4 29. Bxc4 Rxc3 30. Bd5 Nc5 31. Rf6 Ne6 32. Bxe6 fxe6 33. Rxe6 a4
34. Ra6 a3 35. Ra7 Rc2 36. e3 a2 37. h4 Kf8 38. g4 Ke8 39. Kg3 Kd8 40. f4 Kc8
41. f5 gxf5 42. gxf5 Kb8 43. Ra3 Kc7 44. Kf4 Kd6 45. Ra5 Re2 46. e4 Rf2+ 47. Kg5
Re2 48. e5+ Rxe5 49. Rxa2 Re4 50. h5 1-0

[Event "Reykjavik Open 2024"]
[Site "Reykjavik ISL"]
[Date "2024.03.19"]
[Round "7.21"]
[White "Mai, Alexander Oliver"]
[Black "Klimkowski, Jan"]
[Result "1/2-1/2"]
[BlackTitle "IM"]
[WhiteElo "2160"]
[BlackElo "2532"]
[WhiteFideId "2313391"]
[BlackFideId "21856222"]
[EventDate "2024.03.15"]

1. e4 c5 2. Nf3 d6 3. Bb5+ Nd7 4. d4 cxd4 5. Qxd4 a6 6. Bxd7+ Bxd7 7. Nc3 Nf6 8.
Bg5 e6 9. O-O-O Be7 10. e5 dxe5 11. Nxe5 Bc6 12. Nxc6 bxc6 13. Qc4 Qb6 14. Be3
Qb7 15. Bc5 O-O 16. Bxe7 Qxe7 17. Qxc6 Rfc8 18. Qf3 Rab8 19. a3 Qc7 20. Rd2 Nd7
21. Rhd1 Ne5 22. Qg3 h6 23. Rd4 a5 24. Re4 f6 25. Rdd4 Qb7 26. b3 Rc7 27. f4
Rbc8 28. Re3 Nd7 29. Rd2 Nc5 30. Rde2 Rd7 31. Ne4 Nxe4 32. Rxe4 Qd5 33. Rxe6
Rxc2+ 34. Kxc2 Qd1+ 35. Kb2 Rd2+ 36. Rxd2 Qxd2+ 37. Kb1 Qd1+ 38. Kb2 Qd2+ 39.
Kb1 Qd1+ 40. Kb2 1/2-1/2

[Event "Reykjavik Open 2024"]
[Site "Reykjavik ISL"]
[Date "2024.03.19"]
[Round "7.22"]
[White "Pujari, Rucha"]
[Black "Wadsworth, Matthew J"]
[Result "0-1"]
[WhiteTitle "WIM"]
[BlackTitle "IM"]
[WhiteElo "2147"]
[BlackElo "2450"]
[WhiteFideId "5024528"]
[BlackFideId "415804"]
[EventDate "2024.03.15"]

1. d4 Nf6 2. c4 e6 3. Nf3 b6 4. g3 Bb7 5. Bg2 Be7 6. O-O O-O 7. Nc3 Ne4 8. Bd2
Bf6 9. h4 h6 10. Ne5 Nxc3 11. Bxc3 Bxg2 12. Kxg2 d6 13. Ng4 Be7 14. e4 f5 15.
exf5 exf5 16. Qf3 c6 17. Ne3 f4 18. gxf4 Bxh4 19. Qg4 h5 20. Qe6+ Kh7 21. Qe4+
g6 22. Rh1 Nd7 23. f5 Qg5+ 24. Kf1 Bxf2 25. Kxf2 Rae8 26. Qf3 Rxe3 27. Qxe3
Rxf5+ 28. Ke2 Qg2+ 29. Kd3 Rf3 30. Rag1 Qf2 31. Qxf3 Qxf3+ 32. Kc2 d5 33. cxd5
cxd5 34. Rf1 Qg2+ 35. Kb3 Nf6 36. Rhg1 Qh2 37. Rh1 Qd6 38. Bb4 Qe6 39. Rc1 Qd7
40. Rh2 a5 41. Bc3 a4+ 42. Kc2 Qf5+ 43. Kd1 Ng4 44. Re2 Nf2+ 45. Kd2 Ne4+ 46.
Kd1 Qf3 47. Be1 Qd3+ 48. Bd2 h4 49. Rc7+ Kg8 50. Rc8+ Kf7 51. Ke1 Qg3+ 52. Kd1
Qf3 53. Bb4 Qd3+ 54. Bd2 h3 0-1